000 00335nam a2200133Ia 4500
008 150201s2014 xx 000 0 und d
082 _a617.692
_bP2013N
100 _aNAIR ,K.C
245 2 _aA PRIMER ON COMPLETE DENTURE PROSTHODONTICS
250 _a1ST
260 _bAHUJA PUB.HOUSE
650 _aPROSTHODONTICS
942 _2ddc
_cBK
_011
999 _c4820
_d4820